<?xml version="1.0" encoding="UTF-8"?>
<record
    xmlns:xsi="http://www.w3.org/2001/XMLSchema-instance"
    xsi:schemaLocation="http://www.loc.gov/MARC21/slim http://www.loc.gov/standards/marcxml/schema/MARC21slim.xsd"
    xmlns="http://www.loc.gov/MARC21/slim">

  <leader>00589nam a22001937a 4500</leader>
  <controlfield tag="003">OSt</controlfield>
  <controlfield tag="005">20140310182819.0</controlfield>
  <controlfield tag="008">130304t        xxu||||| |||| 00| 0 eng d</controlfield>
  <datafield tag="020" ind1=" " ind2=" ">
    <subfield code="a">0471128112</subfield>
  </datafield>
  <datafield tag="050" ind1=" " ind2=" ">
    <subfield code="a">QA 76.76.D47</subfield>
    <subfield code="b">.B454 1995</subfield>
  </datafield>
  <datafield tag="100" ind1=" " ind2=" ">
    <subfield code="a">Bennatan, E.M.</subfield>
  </datafield>
  <datafield tag="245" ind1=" " ind2=" ">
    <subfield code="a">On time, within budget :</subfield>
    <subfield code="c">E.M.Bennatan</subfield>
    <subfield code="b">software project management practices and techniques /</subfield>
  </datafield>
  <datafield tag="260" ind1=" " ind2=" ">
    <subfield code="a">Boston :</subfield>
    <subfield code="b">QED Pub. Group,</subfield>
    <subfield code="c">1995.</subfield>
  </datafield>
  <datafield tag="300" ind1=" " ind2=" ">
    <subfield code="a">xiv, 206 p. :</subfield>
    <subfield code="b"> ill. ; </subfield>
    <subfield code="c">27 cm.</subfield>
  </datafield>
  <datafield tag="521" ind1=" " ind2=" ">
    <subfield code="a">IT</subfield>
  </datafield>
  <datafield tag="650" ind1=" " ind2=" ">
    <subfield code="a">Software Management</subfield>
    <subfield code="x">Practices</subfield>
    <subfield code="x">Techniques</subfield>
  </datafield>
  <datafield tag="942" ind1=" " ind2=" ">
    <subfield code="2">lcc</subfield>
    <subfield code="c">BK</subfield>
    <subfield code="k">FOR</subfield>
  </datafield>
  <datafield tag="999" ind1=" " ind2=" ">
    <subfield code="c">16350</subfield>
    <subfield code="d">16350</subfield>
  </datafield>
  <datafield tag="952" ind1=" " ind2=" ">
    <subfield code="0">0</subfield>
    <subfield code="1">0</subfield>
    <subfield code="2">lcc</subfield>
    <subfield code="4">0</subfield>
    <subfield code="a">CL</subfield>
    <subfield code="b">CL</subfield>
    <subfield code="c">GC</subfield>
    <subfield code="d">2013-03-04</subfield>
    <subfield code="l">1</subfield>
    <subfield code="o">QA 76.76.D47 .B454 1995</subfield>
    <subfield code="p">C0412</subfield>
    <subfield code="r">2018-05-15 00:00:00</subfield>
    <subfield code="s">2017-03-30</subfield>
    <subfield code="t">1</subfield>
    <subfield code="w">2013-03-04</subfield>
    <subfield code="y">BK</subfield>
  </datafield>
</record>
